[Event "8th EUR-ch"]
[Site "Dresden GER"]
[Date "2007.04.13"]
[Round "10.43"]
[White "Predojevic, Borki"]
[Black "Shanava, Konstantine"]
[Result "1/2-1/2"]
[WhiteElo "2609"]
[BlackElo "2532"]
[EventDate "2007.04.03"]
[PlyCount "111"]

1.e4 c5 2.Nc3 g6 3.g3 Bg7 4.Bg2 Nc6 5.d3 d6 6.Nge2 Nf6 7.O-O O-O 8.h3 Rb8 
9.g4 b5 10.Ng3 Nd7 11.Nce2 b4 12.Kh2 Qb6 13.a3 a5 14.axb4 axb4 15.Rb1 Ra8 
16.Be3 Ra2 17.c3 bxc3 18.bxc3 Qa7 19.d4 Ba6 20.Re1 Bc4 21.Ra1 Rb8 22.e5 d5
23.Rxa2 Qxa2 24.e6 fxe6 25.dxc5 Qa6 26.Nd4 Nxc5 27.Bf4 Rf8 28.Nxe6 Nxe6 
29.Rxe6 Rxf4 30.Bxd5 Bxd5 31.Qxd5 Kh8 32.Rxc6 Rxf2+ 33.Kg1 Qa7 34.Qc5 Qxc5
35.Rxc5 Rf3 36.Rc8+ Rf8 37.Rxf8+ Bxf8 38.Kf2 Kg8 39.Ke3 Kf7 40.Nf1 Ke6 41.
Ke4 Bg7 42.c4 Kd6 43.Nd2 Bc3 44.Nf3 Bf6 45.Kd3 Ke6 46.Ke4 Kd6 47.h4 Kc5 
48.Kd3 Kd6 49.h5 gxh5 50.gxh5 e6 51.Nh2 Kc5 52.Ng4 Bg7 53.Nf2 Kd6 54.Ne4+ 
Ke5 55.Ng5 h6 56.Nxe6 1/2-1/2

[Event "8th EUR-ch"]
[Site "Dresden GER"]
[Date "2007.04.13"]
[Round "10.45"]
[White "Mista, Aleksander"]
[Black "Yakovich, Yuri"]
[Result "1/2-1/2"]
[WhiteElo "2532"]
[BlackElo "2600"]
[EventDate "2007.04.03"]
[PlyCount "43"]

1.e4 c5 2.Nf3 Nc6 3.d4 cxd4 4.Nxd4 Nf6 5.Nc3 d6 6.Bg5 e6 7.Qd2 Be7 8.O-O-O
Qb6 9.Be3 Ng4 10.Nxc6 Nxe3 11.Nxe7 Nxd1 12.Na4 Qxf2 13.Qxd6 Bd7 14.Nc5 Ne3
15.Qxd7+ Kf8 16.Bd3 Qxg2 17.Qd6 Qxh1+ 18.Kd2 Qg2+ 19.Kc3 Qg5 20.Nf5+ Kg8 
21.Ne7+ Kf8 22.Nf5+ 1/2-1/2

[Event "8th EUR-ch"]
[Site "Dresden GER"]
[Date "2007.04.13"]
[Round "10.46"]
[White "Nataf, Igor-Alexandre"]
[Black "Sulskis, Sarunas"]
[Result "1/2-1/2"]
[WhiteElo "2596"]
[BlackElo "2528"]
[EventDate "2007.04.03"]
[PlyCount "128"]

1.e4 e5 2.Nf3 Nc6 3.Bb5 a6 4.Bxc6 dxc6 5.O-O Qd6 6.Na3 b5 7.c3 Ne7 8.d4 
exd4 9.cxd4 Ng6 10.Nc2 Be7 11.Bd2 c5 12.Rc1 O-O 13.dxc5 Qe6 14.Re1 Bxc5 
15.Bb4 Bxb4 16.Nxb4 Nf4 17.Nd5 Nxd5 18.exd5 Qd6 19.Rc6 Qd8 20.d6 cxd6 21.
Rxd6 Qa5 22.Qb1 Be6 23.a3 Rad8 24.b4 Qxa3 25.Ng5 g6 26.Rdxe6 fxe6 27.Nxe6 
Rde8 28.Re3 Qxe3 29.fxe3 Rxe6 30.Qb3 Re8 31.h3 h5 32.Qd5 Kh7 33.Kf2 R8e7 
34.Qa8 Kg7 35.Qc8 h4 36.Qc3+ Kh6 37.Qh8+ Kg5 38.Qc8 Re4 39.Qc5+ R7e5 40.
Qd6 Rxe3 41.Qxa6 R3e4 42.Qd6 Rf5+ 43.Kg1 Kh6 44.Kh2 Ref4 45.Qd2 Rf8 46.Qe3
Kh7 47.Qe5 R8f5 48.Qe7+ Rf7 49.Qc5 R4f5 50.Qd4 g5 51.Qe4 Kg7 52.Qd4+ Kg6 
53.Qe4 Kh6 54.Qc6+ R7f6 55.Qe8 Kg7 56.Qd7+ Rf7 57.Qd4+ Kg6 58.Qe4 Kh5 59.
Qe2+ Kh6 60.Qe8 Kg7 61.Qe4 Kf6 62.Qc6+ Ke7 63.Qb7+ Kf8 64.Qa8+ Kg7 1/2-1/2

[Event "8th EUR-ch"]
[Site "Dresden GER"]
[Date "2007.04.13"]
[Round "10.47"]
[White "Kacheishvili, Giorgi"]
[Black "Andriasian, Zaven"]
[Result "1/2-1/2"]
[WhiteElo "2587"]
[BlackElo "2523"]
[EventDate "2007.04.03"]
[PlyCount "132"]

1.d4 d5 2.c4 c6 3.Nc3 Nf6 4.Nf3 dxc4 5.a4 Bf5 6.Ne5 Nbd7 7.Nxc4 Qc7 8.g3 
e5 9.dxe5 Nxe5 10.Bf4 Nfd7 11.Bg2 g5 12.Bxe5 Nxe5 13.Qd4 f6 14.Ne3 Be6 15.
Qe4 g4 16.O-O-O Bh6 17.Kb1 Bxe3 18.Qxe3 Qb6 19.Rd4 O-O 20.Ne4 Bf5 21.Ka1 
Bxe4 22.Bxe4 Kg7 23.Rhd1 Rae8 24.Bf5 Rd8 25.Bc2 Rxd4 26.Rxd4 Qc7 27.f4 
gxf3 28.Rh4 Rf7 29.exf3 Kf8 30.Bb3 Rg7 31.Re4 Qb6 32.Qc3 Rd7 33.Bc2 Kg7 
34.Ka2 Qf2 35.f4 Ng6 36.h4 Ne7 37.Bb3 Nd5 38.Bxd5 cxd5 39.Re6 d4 40.Qc8 
Rf7 41.Re8 Qf3 42.Rg8+ Kh6 43.Qc5 Qc6 44.Qxc6 bxc6 45.Rd8 c5 46.Rd5 f5 47.
Rxc5 Kh5 48.Rb5 Kg4 49.Rb3 a5 50.Rd3 h5 51.b4 axb4 52.Kb3 Rb7 53.a5 Rb8 
54.Ka4 Kh3 55.a6 Kg2 56.Ka5 b3 57.a7 Ra8 58.Kb6 b2 59.Rb3 d3 60.Kb7 Rh8 
61.a8=Q Rxa8 62.Kxa8 Kxg3 63.Rxd3+ Kxh4 64.Rb3 Kg4 65.Rxb2 Kxf4 66.Rh2 Kg4
1/2-1/2

[Event "8th EUR-ch"]
[Site "Dresden GER"]
[Date "2007.04.13"]
[Round "10.48"]
[White "Parligras, Mircea"]
[Black "Nyback, Tomi"]
[Result "1-0"]
[WhiteElo "2522"]
[BlackElo "2585"]
[EventDate "2007.04.03"]
[PlyCount "65"]

1.d4 Nf6 2.Nf3 e6 3.c4 b6 4.g3 Ba6 5.Qc2 d5 6.cxd5 exd5 7.Bg2 Bb4+ 8.Nc3 
O-O 9.O-O Re8 10.Ne5 h6 11.Bf4 Bb7 12.a3 Bf8 13.b4 a6 14.Qb3 Nbd7 15.Rad1 
c6 16.e4 g5 17.Nxd7 Qxd7 18.Be5 Nxe4 19.Nxe4 dxe4 20.Bxe4 Bg7 21.f4 gxf4 
22.Rxf4 Rad8 23.Bxg7 Kxg7 24.Qf3 Qe6 25.Rf1 Re7 26.Rg4+ Kf8 27.Bh7 Ree8 
28.Rg8+ Ke7 29.Rg7 Rf8 30.Bf5 Qd5 31.Qe3+ Kd6 32.Qf4+ Ke7 33.Re1+ 1-0

[Event "8th EUR-ch"]
[Site "Dresden GER"]
[Date "2007.04.13"]
[Round "10.50"]
[White "Kanep, Meelis"]
[Black "Savchenko, Boris"]
[Result "0-1"]
[WhiteElo "2508"]
[BlackElo "2583"]
[EventDate "2007.04.03"]
[PlyCount "68"]

1.d4 d5 2.c4 e6 3.Nf3 Nf6 4.g3 dxc4 5.Qa4+ Nbd7 6.Qxc4 a6 7.Qc2 b5 8.Bg2 
Bb7 9.O-O c5 10.a4 b4 11.Be3 Rc8 12.dxc5 Bxc5 13.Bxc5 Nxc5 14.Nbd2 O-O 15.
Rfd1 Bd5 16.Qb1 Qc7 17.Nd4 Rfd8 18.Bxd5 Rxd5 19.N4b3 h5 20.Nxc5 Qxc5 21.
Nb3 Rxd1+ 22.Qxd1 Qe5 23.Qd3 Qxb2 24.Rb1 Qe5 25.Qxa6 Rc2 26.Qb5 Qe4 27.Re1
h4 28.Nc5 Qg4 29.Nd7 h3 30.Qd3 b3 31.a5 Nxd7 32.Qxd7 Qxe2 33.Rf1 Qe4 34.f3
Qe3+ 0-1

[Event "8th EUR-ch"]
[Site "Dresden GER"]
[Date "2007.04.13"]
[Round "10.52"]
[White "Meier, Georg"]
[Black "Kempinski, Robert"]
[Result "1-0"]
[WhiteElo "2506"]
[BlackElo "2579"]
[EventDate "2007.04.03"]
[PlyCount "63"]

1.e4 c5 2.Nf3 e6 3.d4 cxd4 4.Nxd4 a6 5.Bd3 Qc7 6.O-O Nf6 7.Qe2 d6 8.c4 
Nbd7 9.Nc3 Ne5 10.Nf3 Nxd3 11.Qxd3 Be7 12.Bf4 O-O 13.Rfd1 Rd8 14.e5 dxe5 
15.Bxe5 Rxd3 16.Bxc7 Rxd1+ 17.Rxd1 Bd7 18.Ne5 Be8 19.Bd6 Bxd6 20.Rxd6 Rc8 
21.Rb6 Rc7 22.b4 Kf8 23.f3 Ke7 24.Kf2 Nd7 25.Nxd7 Bxd7 26.c5 Bc6 27.Ke3 
Kf6 28.a4 Kf5 29.b5 axb5 30.axb5 Bd7 31.Ne4 Ke5 32.f4+ 1-0

[Event "8th EUR-ch"]
[Site "Dresden GER"]
[Date "2007.04.13"]
[Round "10.53"]
[White "Gordon, Stephen"]
[Black "Stefansson, Hannes"]
[Result "1/2-1/2"]
[WhiteElo "2490"]
[BlackElo "2576"]
[EventDate "2007.04.03"]
[PlyCount "85"]

1.d4 Nf6 2.c4 e6 3.Nf3 b6 4.Nc3 Bb7 5.a3 d5 6.cxd5 Nxd5 7.Qc2 Nxc3 8.bxc3 
Nd7 9.e4 Be7 10.Bd3 c5 11.O-O Qc7 12.Qe2 O-O 13.Be3 Rfd8 14.Nd2 Rac8 15.e5
Nf8 16.Ne4 Bd5 17.Qg4 Ng6 18.Ng5 cxd4 19.cxd4 Qd7 20.h4 Bc4 21.Bxc4 Rxc4 
22.h5 Bxg5 23.hxg6 Be7 24.gxf7+ Kxf7 25.Qh3 Kg8 26.Rfd1 Qd5 27.Rd3 Rdc8 
28.Rad1 b5 29.f4 g6 30.g4 Rc2 31.f5 Qe4 32.f6 Bf8 33.g5 R8c6 34.d5 exd5 
35.Bd4 Qf5 36.Qxf5 gxf5 37.Bxa7 Ra6 38.Bf2 Kf7 39.Rxd5 Rxa3 40.Rxb5 Raa2 
41.e6+ Kxe6 42.Re1+ Kf7 43.Rxf5 1/2-1/2

[Event "8th EUR-ch"]
[Site "Dresden GER"]
[Date "2007.04.13"]
[Round "10.54"]
[White "Iljushin, Alexei"]
[Black "Khismatullin, Denis"]
[Result "1-0"]
[WhiteElo "2501"]
[BlackElo "2570"]
[EventDate "2007.04.03"]
[PlyCount "107"]

1.d4 Nf6 2.c4 e6 3.g3 c5 4.Nf3 cxd4 5.Nxd4 Qc7 6.b3 Bb4+ 7.Bd2 Bc5 8.e3 
Nc6 9.Bc3 Nxd4 10.exd4 Be7 11.Bg2 d5 12.Nd2 b6 13.O-O Bb7 14.Rc1 dxc4 15.
bxc4 Bxg2 16.Kxg2 O-O 17.Qf3 Rac8 18.Bb2 Qd7 19.Rfd1 Rfd8 20.Nf1 b5 21.d5 
Rxc4 22.dxe6 Qxe6 23.Rxd8+ Bxd8 24.Rxc4 Qxc4 25.Bxf6 gxf6 26.Qa8 Qc7 27.
Ne3 Qd7 28.h4 Kf8 29.h5 h6 30.Qf3 Qd2 31.Nf5 a5 32.Qc6 b4 33.Kh3 Qd1 34.f3
Qd2 35.Qc5+ Kg8 36.Qc4 Kf8 37.Qc6 Qd3 38.Nxh6 f5 39.Qc5+ Kg7 40.Nxf5+ Kh7 
41.Kg4 Qd2 42.Nd4 Bf6 43.Qf5+ Kg7 44.Nb3 Qd8 45.Nxa5 Qd4+ 46.Kh3 Qa1 47.
Qd5 Qf1+ 48.Kg4 Qa6 49.Nc6 Qc8+ 50.Kf4 Qc7+ 51.Kf5 Qc8+ 52.Ke4 Bb2 53.Qg5+
Kf8 54.Qg8+ 1-0

[Event "8th EUR-ch"]
[Site "Dresden GER"]
[Date "2007.04.13"]
[Round "10.55"]
[White "Halkias, Stelios"]
[Black "Geller, Jakov"]
[Result "1-0"]
[WhiteElo "2569"]
[BlackElo "2500"]
[EventDate "2007.04.03"]
[PlyCount "59"]

1.d4 d5 2.c4 e6 3.Nf3 c6 4.Bg5 Be7 5.Bxe7 Qxe7 6.e3 Nf6 7.Nc3 O-O 8.Qc2 b6
9.cxd5 cxd5 10.Bd3 Ba6 11.Bxa6 Nxa6 12.O-O Rac8 13.Qa4 Nb8 14.Ne5 a6 15.
Rac1 Nfd7 16.Nxd7 Qxd7 17.Qa3 Rc6 18.Ne2 Rfc8 19.h3 h6 20.Rxc6 Rxc6 21.Nf4
Rc2 22.Qb3 Qc7 23.Nd3 a5 24.Ne5 Rd2 25.Qb5 Kf8 26.b4 Rxa2 27.bxa5 Rxa5 28.
Qb1 f6 29.Rc1 Qd8 30.Qh7 1-0

[Event "8th EUR-ch"]
[Site "Dresden GER"]
[Date "2007.04.13"]
[Round "10.57"]
[White "Holzke, Frank"]
[Black "Ovetchkin, Roman"]
[Result "1-0"]
[WhiteElo "2467"]
[BlackElo "2554"]
[EventDate "2007.04.03"]
[PlyCount "143"]

1.e4 c6 2.d4 d5 3.Nc3 dxe4 4.Nxe4 Bf5 5.Ng3 Bg6 6.h4 h6 7.Nf3 Nd7 8.h5 Bh7
9.Bd3 Bxd3 10.Qxd3 e6 11.Bf4 Qa5+ 12.Bd2 Bb4 13.c3 Be7 14.c4 Qc7 15.O-O-O 
Ngf6 16.Rde1 O-O-O 17.Nf5 Bf8 18.Ne3 Kb8 19.Qc2 c5 20.Bc3 cxd4 21.Nxd4 a6 
22.Kb1 Qb6 23.Nb3 Rc8 24.Qd2 Nc5 25.Nxc5 Bxc5 26.Ng4 Rhd8 27.Qf4+ Bd6 28.
Qf3 Rxc4 29.Nxf6 gxf6 30.Qxf6 Rdc8 31.Rc1 Bf4 32.Rc2 Bg5 33.Qe5+ Ka8 34.
Re1 Qc6 35.f3 b5 36.a3 Kb7 37.Rd1 f6 38.Qd6 Qxd6 39.Rxd6 e5 40.Rd7+ Kc6 
41.Ra7 Kb6 42.Rf7 a5 43.f4 exf4 44.Bd4+ Kc6 45.Rxc4+ bxc4 46.Bxf6 Re8 47.
Bxg5 hxg5 48.Rf5 Re1+ 49.Ka2 Re2 50.Rxg5 c3 51.Kb1 Rxb2+ 52.Kc1 a4 53.h6 
Rb7 54.Rh5 Rh7 55.Kc2 Kd6 56.Kxc3 Ke6 57.Kd4 Kf6 58.Ke4 Kg6 59.Rh3 Re7+ 
60.Kxf4 Kh7 61.Re3 Rc7 62.Re6 Rc4+ 63.Kg5 Rc5+ 64.Kh4 Rc3 65.g4 Rxa3 66.
Kg5 Rb3 67.Re7+ Kh8 68.Ra7 a3 69.Kg6 Rb6+ 70.Kh5 Rb3 71.g5 Rc3 72.Ra8+ 1-0

[Event "8th EUR-ch"]
[Site "Dresden GER"]
[Date "2007.04.13"]
[Round "10.61"]
[White "Heberla, Bartlomiej"]
[Black "Areshchenko, Alexander"]
[Result "0-1"]
[WhiteElo "2533"]
[BlackElo "2647"]
[EventDate "2007.04.03"]
[PlyCount "66"]

1.e4 c5 2.Nf3 d6 3.d4 cxd4 4.Nxd4 Nf6 5.Nc3 a6 6.a4 e5 7.Nf3 Qc7 8.Bg5 
Nbd7 9.Nd2 h6 10.Be3 Nc5 11.Bc4 Be6 12.Qe2 Rc8 13.O-O Be7 14.Nd5 Nxd5 15.
Bxd5 Bxd5 16.exd5 O-O 17.a5 f5 18.f3 Bf6 19.c3 Rfe8 20.b4 Nd7 21.Rac1 Qd8 
22.c4 Bg5 23.Kh1 Bxe3 24.Qxe3 Nf6 25.Rfd1 Qd7 26.Qb3 Qf7 27.Nf1 e4 28.Re1 
exf3 29.Rxe8+ Qxe8 30.Qxf3 Qe5 31.Qe3 Ne4 32.Ng3 Rxc4 33.Nxe4 Qxe4 0-1

[Event "8th EUR-ch"]
[Site "Dresden GER"]
[Date "2007.04.13"]
[Round "10.64"]
[White "Asrian, Karen"]
[Black "Frolyanov, Dmitry"]
[Result "1/2-1/2"]
[WhiteElo "2635"]
[BlackElo "2525"]
[EventDate "2007.04.03"]
[PlyCount "75"]

1.e4 e5 2.Bc4 Nf6 3.d3 c6 4.Nf3 Be7 5.O-O d6 6.Re1 Bg4 7.Nbd2 Nbd7 8.c3 
O-O 9.h3 Bh5 10.Bb3 Nc5 11.Bc2 Qc7 12.Nf1 Rfe8 13.Ng3 Bg6 14.Nh4 Ne6 15.
Nhf5 Bf8 16.Qf3 d5 17.Be3 Rad8 18.Rad1 b5 19.Bb3 a5 20.a4 b4 21.Nh6+ Kh8 
22.Ng4 Nxg4 23.hxg4 Nf4 24.Nf5 bxc3 25.bxc3 Qb7 26.Rb1 Nxd3 27.Red1 Qa6 
28.Bc2 Nf4 29.Bxf4 exf4 30.exd5 cxd5 31.Rxd5 Rxd5 32.Qxd5 Qe2 33.Qb5 f6 
34.Qxe2 Rxe2 35.Bd3 Re8 36.Rb5 Re1+ 37.Kh2 Re5 38.Rb8 1/2-1/2

[Event "8th EUR-ch"]
[Site "Dresden GER"]
[Date "2007.04.13"]
[Round "10.65"]
[White "Azmaiparashvili, Zurab"]
[Black "Dziuba, Marcin"]
[Result "1/2-1/2"]
[WhiteElo "2632"]
[BlackElo "2525"]
[EventDate "2007.04.03"]
[PlyCount "96"]

1.d4 d5 2.c4 c6 3.Nf3 Nf6 4.e3 Bg4 5.h3 Bxf3 6.Qxf3 e6 7.Bd3 Nbd7 8.O-O 
Bd6 9.Nc3 O-O 10.e4 dxc4 11.Bxc4 e5 12.Be3 Qe7 13.Bb3 exd4 14.Bxd4 Bc5 15.
Rad1 Bxd4 16.Rxd4 Nc5 17.Bc2 Rad8 18.Rfd1 Ne6 19.Rxd8 Rxd8 20.e5 Rxd1+ 21.
Qxd1 Nd7 22.Qd3 g6 23.Qe3 Qc5 24.Qxc5 Ndxc5 25.Ne2 Nc7 26.b4 N5e6 27.a3 c5
28.bxc5 Nxc5 29.Nd4 N7e6 30.Nxe6 Nxe6 31.g3 Nd4 32.Be4 Nb5 33.a4 Nc3 34.
Bc2 a5 35.f4 f6 36.Kf2 fxe5 37.fxe5 b5 38.axb5 Nxb5 39.Ke3 Kf7 40.Ba4 Nc7 
41.h4 Ne6 42.Bb3 Ke7 43.Bc2 Ng7 44.g4 Ne6 45.g5 Ng7 46.Kd4 Ne6+ 47.Ke3 Nc5
48.Kd4 Ne6+ 1/2-1/2

[Event "8th EUR-ch"]
[Site "Dresden GER"]
[Date "2007.04.13"]
[Round "10.66"]
[White "Bauer, Christian"]
[Black "Shengelia, Davit"]
[Result "1-0"]
[WhiteElo "2629"]
[BlackElo "2523"]
[EventDate "2007.04.03"]
[PlyCount "61"]

1.e4 c5 2.Nf3 d6 3.c3 Nf6 4.h3 Nc6 5.Bd3 g5 6.Bc2 g4 7.hxg4 Bxg4 8.d3 d5 
9.Qe2 Qa5 10.Nbd2 O-O-O 11.exd5 Nxd5 12.Qe4 h5 13.Nc4 Qc7 14.Ba4 Bg7 15.
Bd2 e5 16.Bxc6 bxc6 17.O-O-O f5 18.Qe1 Rde8 19.Qf1 e4 20.Nh4 Bxd1 21.Qxd1 
exd3 22.Qf3 Bh6 23.Qxf5+ Kb8 24.Bxh6 Rxh6 25.Nf3 Rhe6 26.Qxd3 Qf4+ 27.Kb1 
Qe4 28.Qxe4 Rxe4 29.Nd6 Nf4 30.Nxe4 Rxe4 31.Rh4 1-0

[Event "8th EUR-ch"]
[Site "Dresden GER"]
[Date "2007.04.13"]
[Round "10.67"]
[White "Pert, Nicholas"]
[Black "Balogh, Csaba"]
[Result "1/2-1/2"]
[WhiteElo "2525"]
[BlackElo "2617"]
[EventDate "2007.04.03"]
[PlyCount "59"]

1.d4 Nf6 2.Nf3 e6 3.c4 b6 4.Nc3 Bb4 5.Bg5 Bb7 6.Nd2 h6 7.Bh4 Be7 8.e4 Nxe4
9.Bxe7 Nxc3 10.Bxd8 Nxd1 11.Bxc7 Nxb2 12.Rb1 Na4 13.Rb3 Ke7 14.Ra3 b5 15.
d5 d6 16.Ne4 Kd7 17.Bxd6 exd5 18.cxb5 dxe4 19.Bxb8 Rhxb8 20.Rxa4 Kc7 21.g4
Rd8 22.Bg2 Kb6 23.O-O Rac8 24.Bxe4 Kxb5 25.Bxb7 Kxa4 26.Bxc8 Rxc8 27.Rb1 
Rc7 28.Rb3 a5 29.Kg2 g6 30.h4 1/2-1/2

[Event "8th EUR-ch"]
[Site "Dresden GER"]
[Date "2007.04.13"]
[Round "10.68"]
[White "Fedorov, Alexei"]
[Black "Erdos, Viktor"]
[Result "1/2-1/2"]
[WhiteElo "2611"]
[BlackElo "2518"]
[EventDate "2007.04.03"]
[PlyCount "81"]

1.e4 e6 2.d4 d5 3.Nc3 dxe4 4.Nxe4 Nd7 5.Nf3 Ngf6 6.Nxf6+ Nxf6 7.Be3 Bd6 8.
Bd3 b6 9.Ne5 Bb7 10.Bb5+ Kf8 11.Qe2 a6 12.Bd3 c5 13.O-O-O Nd5 14.Kb1 Qc7 
15.Rhe1 Kg8 16.Bc1 cxd4 17.f4 b5 18.h4 Re8 19.g3 h5 20.Nf3 Bb4 21.Rf1 Bc5 
22.Be4 Qb6 23.Ne5 Nf6 24.Bf3 Bxf3 25.Rxf3 g6 26.c3 Kg7 27.cxd4 Bd6 28.b3 
Qb7 29.d5 Nxd5 30.Rfd3 Be7 31.g4 b4 32.Bb2 Nc3+ 33.Bxc3 bxc3 34.Rd7 Qb4 
35.g5 Rc8 36.Qc2 Rhd8 37.Rxd8 Rxd8 38.Rxd8 Bxd8 39.Nc6 Qd6 40.Qxc3+ Kg8 
41.Nxd8 1/2-1/2

[Event "8th EUR-ch"]
[Site "Dresden GER"]
[Date "2007.04.13"]
[Round "10.70"]
[White "Alexandrov, Alexei"]
[Black "Boros, Denes"]
[Result "1-0"]
[WhiteElo "2609"]
[BlackElo "2501"]
[EventDate "2007.04.03"]
[PlyCount "67"]

1.d4 d5 2.c4 dxc4 3.Nf3 c5 4.e3 e6 5.Bxc4 Nf6 6.O-O Nc6 7.a3 cxd4 8.exd4 
Be7 9.Qd3 O-O 10.Rd1 a6 11.Ba2 b6 12.Nc3 Bb7 13.Bf4 Na7 14.Rac1 Bd6 15.Ne5
Nc6 16.Bb1 Bxe5 17.dxe5 Qxd3 18.Bxd3 Nh5 19.Be3 Nxe5 20.Be2 Nf6 21.Bxb6 
Nd5 22.Bd4 Ng6 23.Na4 e5 24.Bc5 Rfc8 25.g3 Bc6 26.Nb6 Nxb6 27.Bxb6 Ne7 28.
b4 Ba4 29.Rd7 Nf5 30.Rcc7 Bb5 31.Bxb5 axb5 32.Rxc8+ Rxc8 33.Rd5 Rf8 34.Bc5
1-0

[Event "8th EUR-ch"]
[Site "Dresden GER"]
[Date "2007.04.13"]
[Round "10.71"]
[White "Kulaots, Kaido"]
[Black "Nijboer, Friso"]
[Result "1/2-1/2"]
[WhiteElo "2525"]
[BlackElo "2606"]
[EventDate "2007.04.03"]
[PlyCount "66"]

1.e4 c5 2.Nf3 Nc6 3.d4 cxd4 4.Nxd4 Nf6 5.Nc3 d6 6.Bg5 e6 7.Qd2 a6 8.O-O-O 
Bd7 9.f3 h6 10.Be3 b5 11.Nxc6 Bxc6 12.Ne2 Qc7 13.Kb1 Bb7 14.Nd4 e5 15.Nf5 
d5 16.exd5 Nxd5 17.Bd3 O-O-O 18.Bf2 g6 19.Bh4 Rd7 20.Ne3 Bg7 21.Nxd5 Bxd5 
22.a4 Re8 23.axb5 axb5 24.Qe3 Bc6 25.Be4 Re6 26.Bxc6 Rxc6 27.Rd3 Qb6 28.
Qxb6 Rxb6 29.Rhd1 Rbb7 30.c3 Rxd3 31.Rxd3 Rd7 32.Kc2 f5 33.Rxd7 Kxd7 
1/2-1/2

[Event "8th EUR-ch"]
[Site "Dresden GER"]
[Date "2007.04.13"]
[Round "10.75"]
[White "Brkic, Ante"]
[Black "Murariu, Andrei"]
[Result "0-1"]
[WhiteElo "2567"]
[BlackElo "2498"]
[EventDate "2007.04.03"]
[PlyCount "74"]

1.e4 c5 2.Nf3 Nc6 3.d4 cxd4 4.Nxd4 Nf6 5.Nc3 d6 6.Bg5 e6 7.Qd2 a6 8.O-O-O 
Bd7 9.f4 b5 10.a3 Qb6 11.e5 Qxd4 12.Qe1 Qa7 13.exf6 g6 14.Nd5 Kd8 15.Ne7 
Nxe7 16.fxe7+ Bxe7 17.Qc3 Rf8 18.Qg7 Ke8 19.Bxe7 Kxe7 20.Bd3 Qc5 21.g4 Rg8
22.Qh6 b4 23.axb4 Qxb4 24.Qg5+ f6 25.Qh6 Be8 26.Rhe1 Rb8 27.b3 Qa3+ 28.Kb1
Rxb3+ 29.cxb3 Qxb3+ 30.Kc1 Qc3+ 31.Bc2 Bf7 32.Re2 Rc8 33.f5 g5 34.fxe6 
Qa3+ 35.Kd2 Rxc2+ 36.Kxc2 Bg6+ 37.Kd2 Qb4+ 0-1

[Event "8th EUR-ch"]
[Site "Dresden GER"]
[Date "2007.04.13"]
[Round "10.79"]
[White "Jaracz, Pawel"]
[Black "Oleksienko, Mikhailo"]
[Result "1/2-1/2"]
[WhiteElo "2490"]
[BlackElo "2560"]
[EventDate "2007.04.03"]
[PlyCount "40"]

1.e4 d6 2.d4 Nf6 3.Nc3 g6 4.Nf3 Bg7 5.Be3 O-O 6.Qd2 Bg4 7.Ng5 c6 8.h3 Bc8 
9.f4 b5 10.Bd3 b4 11.Ne2 a5 12.e5 Nd5 13.h4 dxe5 14.dxe5 f6 15.Nf3 Bg4 16.
O-O-O Nd7 17.h5 Bxh5 18.Nfd4 Nxe3 19.Qxe3 fxe5 20.fxe5 Rf3 1/2-1/2

[Event "8th EUR-ch"]
[Site "Dresden GER"]
[Date "2007.04.13"]
[Round "10.80"]
[White "Epishin, Vladimir"]
[Black "Guliev, Logman"]
[Result "1-0"]
[WhiteElo "2559"]
[BlackElo "2466"]
[EventDate "2007.04.03"]
[PlyCount "83"]

1.d4 Nf6 2.c4 g6 3.Nc3 Bg7 4.Nf3 O-O 5.Bg5 d6 6.e3 Nbd7 7.Qc2 c6 8.Rd1 a6 
9.a4 a5 10.Be2 Qe8 11.O-O e5 12.Bh4 h6 13.Rfe1 Nh7 14.Ne4 g5 15.Nxd6 Qe6 
16.Bd3 Nhf6 17.Bg3 Qxd6 18.dxe5 Qe7 19.exf6 Qxf6 20.Bf5 Nb6 21.Bxc8 Nxc8 
22.Be5 Qg6 23.e4 Re8 24.Bxg7 Qxg7 25.c5 Ne7 26.Rd6 Ng6 27.h3 Kh7 28.e5 Re6
29.Qf5 Rae8 30.g3 Kg8 31.Kg2 Qh7 32.Qg4 Qg7 33.Qf5 Qh7 34.Kf1 Qg7 35.Red1 
Ne7 36.Rxe6 Nxf5 37.Rxe8+ Kh7 38.Rdd8 g4 39.Rh8+ Qxh8 40.Rxh8+ Kxh8 41.
hxg4 Ne7 42.Nd4 1-0

[Event "8th EUR-ch"]
[Site "Dresden GER"]
[Date "2007.04.13"]
[Round "10.82"]
[White "Jakubowski, Krzysztof"]
[Black "Berelovich, Aleksandar"]
[Result "1/2-1/2"]
[WhiteElo "2471"]
[BlackElo "2556"]
[EventDate "2007.04.03"]
[PlyCount "53"]

1.e4 e6 2.d4 d5 3.Nc3 Bb4 4.e5 c5 5.a3 Bxc3+ 6.bxc3 Ne7 7.Nf3 Qa5 8.Bd2 
Nbc6 9.a4 Bd7 10.Be2 Qc7 11.O-O f6 12.exf6 gxf6 13.dxc5 e5 14.c4 d4 15.c3 
dxc3 16.Bxc3 O-O-O 17.Qc1 Rhg8 18.Rd1 Ng6 19.Be1 Bg4 20.Rxd8+ Qxd8 21.Nd2 
Nf4 22.Ne4 Bf3 23.Nd6+ Qxd6 24.cxd6 Nh3+ 25.Kh1 Nxf2+ 26.Kg1 Nh3+ 27.Kh1 
1/2-1/2

[Event "8th EUR-ch"]
[Site "Dresden GER"]
[Date "2007.04.13"]
[Round "10.83"]
[White "Siebrecht, Sebastian"]
[Black "Werle, Jan"]
[Result "1-0"]
[WhiteElo "2464"]
[BlackElo "2556"]
[EventDate "2007.04.03"]
[PlyCount "173"]

1.d4 f5 2.Bg5 g6 3.Nc3 Nf6 4.Bxf6 exf6 5.e3 d5 6.Qf3 Be6 7.Bd3 c6 8.Nge2 
Nd7 9.h3 Bf7 10.g4 fxg4 11.hxg4 Bb4 12.a3 Bxc3+ 13.Nxc3 Qe7 14.O-O-O O-O-O
15.Rh6 Nf8 16.Rdh1 Rg8 17.Qg3 Rg7 18.f4 Bg8 19.Qf2 Re8 20.Re1 Qd8 21.f5 
gxf5 22.Bxf5+ Be6 23.e4 Bxf5 24.Qxf5+ Nd7 25.Rxh7 Rxh7 26.Qxh7 Qb6 27.Rd1 
dxe4 28.Nxe4 Kb8 29.Qf5 Qd8 30.Nd6 Re2 31.Qf4 Ka8 32.Rh1 a6 33.b3 Nb6 34.
Nf7 Nd5 35.Qg3 Qe7 36.Rh8+ Ka7 37.Nd6 Qe3+ 38.Qxe3 Nxe3 39.c4 b5 40.Rh7+ 
Ka8 41.Rh8+ Ka7 42.c5 Nd5 43.Rh7+ Kb8 44.Rb7+ Ka8 45.Rh7 Rg2 46.Nb7 Nc3 
47.Na5 Ne2+ 48.Kd2 Nxd4+ 49.Kd3 Rxg4 50.b4 Nf3 51.Rh8+ Ka7 52.Nxc6+ Kb7 
53.Na5+ Kc7 54.Rh7+ Kc8 55.Nb7 Ne5+ 56.Ke3 Rg3+ 57.Ke4 Rxa3 58.Nd6+ Kb8 
59.Rh8+ Ka7 60.Rh7+ Kb8 61.Rh8+ Ka7 62.Nc8+ Kb7 63.Nd6+ Kc6 64.Nc8 Rb3 65.
Ne7+ Kd7 66.Nd5 Nc6 67.Rh7+ Kd8 68.Rh8+ Kd7 69.Rh7+ Kd8 70.Rh8+ Kd7 71.
Nxf6+ Ke6 72.Nd5 Nxb4 73.Rh6+ Kd7 74.Rh7+ Kc8 75.Nxb4 Rxb4+ 76.Kd5 Rg4 77.
c6 Rc4 78.Kd6 Kb8 79.Rh8+ Ka7 80.c7 b4 81.c8=Q Rxc8 82.Rxc8 Kb6 83.Kd5 Kb5
84.Rb8+ Ka4 85.Kc4 a5 86.Rb7 b3 87.Rb6 1-0

[Event "8th EUR-ch"]
[Site "Dresden GER"]
[Date "2007.04.13"]
[Round "10.84"]
[White "Hillarp Persson, Tiger"]
[Black "Lobzhanidze, Davit"]
[Result "0-1"]
[WhiteElo "2552"]
[BlackElo "2450"]
[EventDate "2007.04.03"]
[PlyCount "106"]

1.d4 Nf6 2.c4 e6 3.Nc3 Bb4 4.e3 O-O 5.Bd3 d5 6.Nf3 c5 7.O-O Nc6 8.a3 Bxc3 
9.bxc3 Qc7 10.cxd5 exd5 11.a4 Re8 12.Ba3 c4 13.Bc2 Bg4 14.Qe1 Bh5 15.Nh4 
Ng4 16.g3 Bg6 17.Nxg6 hxg6 18.Qe2 f5 19.e4 dxe4 20.Qxc4+ Kh7 21.Bd1 Nf6 
22.Bc1 Rac8 23.a5 Ne7 24.Qxc7 Rxc7 25.Bd2 Ned5 26.Rc1 Rec8 27.c4 Rxc4 28.
Bb3 Rxc1 29.Rxc1 Rxc1+ 30.Bxc1 Kg8 31.Ba3 Kf7 32.Bc5 a6 33.h4 Ke6 34.Bf8 
Nd7 35.Bxg7 Nb8 36.g4 fxg4 37.Kg2 Nc6 38.Kg3 Nxa5 39.Ba2 b5 40.Kxg4 Nc4 
41.Bb1 Nd2 42.Bc2 b4 43.Bh6 b3 44.Bxd2 bxc2 45.Kg5 Kf7 46.h5 gxh5 47.Kxh5 
Ke6 48.Kg4 a5 49.Bc1 Nb4 50.f4 exf3 51.Kxf3 Nd3 52.Ba3 Kd5 53.Ke3 c1=Q+ 
0-1

[Event "8th EUR-ch"]
[Site "Dresden GER"]
[Date "2007.04.13"]
[Round "10.85"]
[White "Shomoev, Anton"]
[Black "Can, Emre"]
[Result "1-0"]
[WhiteElo "2551"]
[BlackElo "2404"]
[EventDate "2007.04.03"]
[PlyCount "141"]

1.e4 e6 2.d4 d5 3.Nc3 Bb4 4.e5 c5 5.a3 Bxc3+ 6.bxc3 Qc7 7.Qg4 f5 8.Qg3 
cxd4 9.cxd4 Ne7 10.Ne2 O-O 11.c3 b6 12.Nf4 Qd7 13.a4 Ba6 14.Bb5 Nec6 15.h4
Bxb5 16.axb5 Na5 17.h5 Qf7 18.Ba3 Re8 19.Qg5 a6 20.bxa6 Rxa6 21.Bd6 h6 22.
Qg6 Nd7 23.O-O Nf8 24.Qg3 Raa8 25.Ra2 Nh7 26.Rb1 Ng5 27.Rxb6 Nc4 28.Rxa8 
Rxa8 29.Rb1 Qa7 30.Qd3 Nxd6 31.exd6 Qd7 32.Rb6 Ne4 33.Qb1 Nxd6 34.Rb8+ 
Rxb8 35.Qxb8+ Ne8 36.Ng6 Qa4 37.Kh2 Qd7 38.g3 Qf7 39.Qc8 Kh7 40.Kg2 Qg8 
41.Qxe6 Qxe6 42.Nf8+ Kg8 43.Nxe6 Nf6 44.Nf4 Kf7 45.f3 Ke7 46.Kf2 Kd6 47.
Ke3 Nh7 48.Ke2 Nf6 49.Kd3 Kc6 50.Kc2 Kd6 51.Kb3 Nh7 52.Ng2 Ng5 53.Nh4 Ke6 
54.Kb4 Nh7 55.Kc5 Nf6 56.Kc6 Nxh5 57.Nxf5 g6 58.g4 Nf4 59.Nxh6 Ne2 60.Kc7 
Nxc3 61.f4 Kf6 62.Kd6 g5 63.f5 Nd1 64.Kxd5 Ne3+ 65.Kc6 Kg7 66.d5 Kxh6 67.
d6 Nxg4 68.d7 Ne5+ 69.Kc7 Nf7 70.d8=Q Nxd8 71.Kxd8 1-0

[Event "8th EUR-ch"]
[Site "Dresden GER"]
[Date "2007.04.13"]
[Round "10.86"]
[White "Handke, Florian"]
[Black "Cao, Sang"]
[Result "0-1"]
[WhiteElo "2459"]
[BlackElo "2548"]
[EventDate "2007.04.03"]
[PlyCount "112"]

1.e4 c5 2.Nf3 e6 3.c4 Nc6 4.Nc3 Nf6 5.g3 d5 6.e5 Ng4 7.cxd5 exd5 8.Bg2 d4 
9.Ne4 Ngxe5 10.Nxe5 Nxe5 11.O-O Be7 12.Nxc5 Bxc5 13.Re1 Qc7 14.Qh5 Bd6 15.
f4 d3 16.fxe5 Bc5+ 17.Kh1 O-O 18.b3 Be6 19.Bb2 Rad8 20.Re4 Be7 21.Bc3 Bd5 
22.Rg4 Qc6 23.Rg1 Qe6 24.Rf1 Bxg2+ 25.Kxg2 Rd5 26.Qf5 b5 27.Qxe6 fxe6 28.
Rxf8+ Kxf8 29.Kf3 h5 30.Rd4 Rxe5 31.Rxd3 Rf5+ 32.Ke4 b4 33.Be5 g6 34.Rf3 
Ke8 35.Rxf5 gxf5+ 36.Kd4 Kd7 37.Kc4 Kc6 38.d3 a5 39.Bf4 Bf6 40.Bc1 Be7 41.
Bf4 Bc5 42.d4 Be7 43.h4 Bf8 44.Be5 Bh6 45.Bf4 Bg7 46.Be5 Bxe5 47.dxe5 Kb6 
48.Kd4 Kb5 49.Kd3 Kc5 50.Ke3 Kd5 51.Kf4 Kd4 52.Kg5 Kxe5 53.Kxh5 Kf6 54.g4 
e5 55.g5+ Kg7 56.g6 f4 0-1